000
00168nam a22000857a 4500
082
_a
823
100
_a
ANAND PAI
245
_a
THE GREEN DEMON AND OTHER STORIES
942
_c
BK
999
_c
8328
_d
8328